000 00638nam a2200229 a 4500
005 20210219153116.0
008 991125n 000 0 u
035 _aUPN01000078402
100 _aLance, Charles E.
222 _aEDUCATIONAL AND PSYCHOLOGICAL MEASUREMENT
245 _aA examination of negative halo error in ratings
300 _a545-554
362 _a50, No. 3, 1990
505 _aEnero 1992
653 0 _aCORRELACION
653 0 _aMODELOS CAUSALES
653 0 _aPROBLEMAS DE INVESTIGACION
700 _aFisicaro, Sebastiano A.
700 _aLaPointe, Julie A.
904 _aAC
_b016213
905 _aArticulo
999 _c68672
_d68672